000
00248nam a22001097a 4500
008
160510b xxu||||| |||| 00| 0 eng d
020
_a
9780805376524
041
_a
eng
080
_a
573
245
_a
Microbiology:
_c
Robert W.Bauman;
942
_2
udc
_c
BK
999
_c
1940
_d
1940